00604 2200217 4500001002100000005001500021035002000036245009200056100002800148250001000176300002200186264004500208336002100253337002000274338001800294082001000312084001600322020002200338600001300360990001300373INLIS00000000000229220250804110858 a0010-08250000221 aHow To Be Interesting : Cara menjadi menarik dalam 10 langkah sederhana /cJessica Hagy0 aJessica HadyePengarang acet.5 a265 :bilus ;c21 aJakarta :bGramedia Pustaka Utama,c2014 2rdacontentateks 2rdamediaacetak 2rdacarriera- a153.8 a153.8 JES h a978-979-22-9975-5 4aMotivasi a25000486